The ghost (Record no. 167501)

MARC details
000 -LEADER
fixed length control field 00583ngm a2200205 i 4500
001 - CONTROL NUMBER
control field C2-0324837
003 - CONTROL NUMBER IDENTIFIER
control field PPAK
005 - DATE AND TIME OF LATEST TRANSACTION
control field 20180727222021.0
008 - FIXED-LENGTH DATA ELEMENTS--GENERAL INFORMATION
fixed length control field 131230s2012 my |||| ||||| | vlkor d
040 ## - CATALOGING SOURCE
Original cataloging agency PPAK
Language of cataloging eng
Transcribing agency PPAK
Description conventions rda
245 14 - TITLE STATEMENT
Title The ghost
Remainder of title The secrets and proof of mankind lie between 0 and 1
264 #1 - PRODUCTION, PUBLICATION, DISTRIBUTION, MANUFACTURE, AND COPYRIGHT NOTICE
Place of production, publication, distribution, manufacture Kuala Lumpur :
Name of producer, publisher, distributor, manufacturer PMP Entertainment ,
Date of production, publication, distribution, manufacture, or copyright notice 2012
336 ## - CONTENT TYPE
Source rdacontent
Content type term text
337 ## - MEDIA TYPE
Source rdamedia
Media type term unmediated
338 ## - CARRIER TYPE
Source rdacarrier
Carrier type term volume
500 ## - GENERAL NOTE
General note Episode 1 - 20
700 ## - ADDED ENTRY--PERSONAL NAME
Relator term author
Personal name Kim, Hyung-Sik,
Relator term compile
942 ## - ADDED ENTRY ELEMENTS (KOHA)
Source of classification or shelving scheme Dewey Decimal Classification
Koha item type Digital Video Disc

No items available.